Comprehensive organic chemistry the synthes and reactions of organic compounds Volume 5 : biological compounds

Gespeichert in:
Bibliographische Detailangaben
Weitere Verfasser: Barton, Derek sir, Ollis, David W. (Herausgegeben von)
Format: Buch
Sprache:Englisch
Veröffentlicht: Oxford Pergamon Press 1979
Schlagworte:
Online-Zugang:Im OPAC anzeigen
Tags: Tag hinzufügen
Keine Tags, Fügen Sie das erste Tag hinzu!

MARC

LEADER 00000nam a2200000 a 4500
005 20260127134255.0
008 090525 1979 enk 000 0 eng d
020 |a 0080213170(v.5) 
020 |a 0080213197 (set) 
035 |a vtls009516452 
039 9 |y 200905250944  |z mschk03 
040 |a STUSCHK1  |b slo  |c STUSCHK1  |e AACR2 
080 |a 547 
245 1 |a Comprehensive organic chemistry  |b the synthes and reactions of organic compounds  |n Volume 5 : biological compounds  |c ed. Derek Barton, W.David Ollis 
260 |a Oxford  |b Pergamon Press  |c 1979 
300 |a xv, 1205 s.  |b il.  |c 28 cm 
650 0 |a organická chémia 
700 1 |a Barton, Derek  |c sir 
700 1 |a Ollis, David W.  |4 edt 
910 |a SCHK95 
919 |a 0-08-021317-0 (v.5) 
919 |a 0-08-021319-7 (set) 
999 |c 8458  |d 8458